000 00327nam a22001337a 4500
020 _qHB.
040 _cFIZZA ISHAQ
082 _a025.04
_bKEI
100 _aRIJA, VAN KEITH.
_986983
245 _aGEOMETRY OF INFORMATION /
_cKEITH VAN RIJA.
260 _aNEW YORK :
_bCAMBRIDGE,
_c2009.
300 _a150 P. ;
942 _2ddc
_cBK
999 _c587452
_d587452